000 00471 a2200205 4500
001 138831
020 _a9788508188420
040 _cLeonardo Da Vinci
041 _aPortuguês
082 _a028.5 B829t
_bB829t
100 _aBRASIL, Assis
245 _aTonico e carniça
250 _aEd.10.
260 _bÁtica
_c2018
_aSão Paulo
300 _a110
362 _a20180000
490 _aVaga-Lume
_aVaga-Lume
500 _aBiblioteca Alphaville 2
942 _cBK
999 _c138831
_d138831